|
|
|
|
| LEADER |
00791nam a22002173 4500 |
| 001 |
4934474 |
| 003 |
GR-PaULI |
| 005 |
20210117210731.0 |
| 008 |
011211s1971 xxk 000 0 eng c |
| 952 |
|
|
|0 0
|1 0
|2 ddc
|4 0
|6 519_500000000000000_SKI
|7 0
|9 226457
|a LISP
|b LISP
|c BSC
|d 2018-10-05
|i 125298
|l 0
|o 519.5 SKI
|p 025000040211
|r 2018-10-05 00:00:00
|t 1
|v 2018.00
|w 2018-10-05
|y BK15
|
| 999 |
|
|
|c 136654
|d 136654
|
| 020 |
|
|
|a 0435537903
|
| 040 |
|
|
|a GR-PaULI
|b gre
|c GR-PaULI
|e AACR2
|
| 082 |
|
|
|2 23
|a 519.5
|
| 100 |
1 |
|
|a Skipworth, G. E.
|9 171465
|e συγγραφέας.
|
| 245 |
0 |
0 |
|a Exercises and worked examples in statistics /
|c G. E. Skipworth.
|
| 260 |
|
|
|a London :
|b Heinemann,
|c 1971.
|
| 300 |
|
|
|a 117 σ.
|c 21 εκ.
|
| 650 |
|
4 |
|9 85
|a Στατιστική
|
| 942 |
|
|
|2 ddc
|c BK15
|
| 998 |
|
|
|c ΜΠΟΥΡΑΣ
|d 2018-10
|